Agile Management And Vuca-Rr: Opportunites & Threats In Industry 4.0 Towards Society 5.0 Opportunites & Threats In Industry 4.0 Towards Society 5.0 (Record no. 40945)

MARC details
000 -LEADER
fixed length control field 00444nam a2200133Ia 4500
008 - FIXED-LENGTH DATA ELEMENTS--GENERAL INFORMATION
fixed length control field 240703s9999 xx 000 0 und d
041 ## - LANGUAGE CODE
Language code of text/sound track or separate title eng
100 ## - MAIN ENTRY--PERSONAL NAME
Personal name Akkaya Bulent
245 ## - TITLE STATEMENT
Title Agile Management And Vuca-Rr: Opportunites & Threats In Industry 4.0 Towards Society 5.0 Opportunites & Threats In Industry 4.0 Towards Society 5.0
260 ## - PUBLICATION, DISTRIBUTION, ETC.
Name of publisher, distributor, etc. Emerald Publishing
Date of publication, distribution, etc. 2022
365 ## - TRADE PRICE
Currency code
Price amount 8,153.70
906 ## - LOCAL DATA ELEMENT F, LDF (RLIN)
b 33
Holdings
Withdrawn status Lost status Source of classification or shelving scheme Damaged status Not for loan Home library Current library Shelving location Date acquired Source of acquisition Cost, normal purchase price Total Checkouts Full call number Barcode Date last seen Date last checked out Copy number Price effective from Koha item type
    Dewey Decimal Classification     IMTN IMTN Rack 1-A 07/03/2024 Prof. Santhi Perumal 73.99 1 005.1112 AKK 33354 10/16/2024 09/30/2024 110.2 07/03/2024 Books
Designed & Maintained by: LRC IMT Nagpur Contact: lrc@imtnag.ac.in© 2024. All Rights Reserved.